[Event "Mauricie op"]
[Site "Trois Rivieres"]
[Date "2006.??.??"]
[Round "?"]
[White "Rivest, Jean Michel"]
[Black "Szalay, Karoly"]
[Result "1/2-1/2"]
[WhiteElo "1987"]
[BlackElo "1758"]
[PlyCount "68"]
[EventDate "2006.03.17"]
[EventType "swiss"]
[EventRounds "5"]
[EventCountry "CAN"]
[SourceTitle "EXT 2007"]
[Source "ChessBase"]
[SourceDate "2006.11.23"]
[SourceVersion "1"]
[SourceVersionDate "2006.11.23"]
[SourceQuality "1"]

1. e4 c5 2. Nf3 d6 3. d4 cxd4 4. Nxd4 Nf6 5. Nc3 a6 6. Bg5 e6 7. f4 Nbd7 8. Qf3 Qc7 9. 0-0-0 b5 10. g4 Bb7 11. Bxf6 Nxf6 12. g5 b4 13. Ncb5 axb5 14. gxf6 gxf6 15. Bxb5+ Kd8 16. Kb1 Qa5 17. Qb3 Bxe4 18. Bc6 Bxh1 19. Bxh1 Rc8 20. Nc6+ Rxc6 21. Bxc6 Qc5 22. Qa4 Kc7 23. Be8 Rg8 24. Qd7+ Kb6 25. Bxf7 Rg1 26. Qd8+ Kb7 27. Qd7+ Ka6 28. Bh5 Rxd1+ 29. Bxd1 Bh6 30. Be2+ Kb6 31. Qd8+ Ka7 32. Qe7+ Kb6 33. Qd8+ Ka7 34. Qe7+ Kb6 1/2-1/2

[Event "IECC M-5319"]
[Site "IECC email"]
[Date "2005.09.10"]
[Round "?"]
[White "Rivest, Jean Michel"]
[Black "Morihama, Nicolau"]
[Result "1/2-1/2"]
[WhiteElo "2147"]
[BlackElo "2165"]
[PlyCount "57"]
[EventDate "2005.??.??"]
[EventType "tourn (corr)"]
[EventRounds "10"]
[SourceTitle "Corr 2020"]
[Source "ChessBase"]
[SourceDate "2019.09.30"]
[SourceVersion "1"]
[SourceVersionDate "2019.09.30"]
[SourceQuality "1"]
[WhiteTeam "Canada"]
[BlackTeam "Brazil"]
[WhiteTeamCountry "CAN"]
[BlackTeamCountry "BRA"]

1. e4 c6 2. d4 d5 3. Nc3 dxe4 4. Nxe4 Nd7 5. Ng5 Ngf6 6. Bd3 e6 7. N1f3 Bd6 8. Qe2 h6 9. Ne4 Nxe4 10. Qxe4 Nf6 11. Qe2 Qc7 12. 0-0 b6 13. Ne5 Bb7 14. Bf4 0-0 15. Rad1 Rad8 16. Rfe1 c5 17. dxc5 Bxc5 18. Bg3 Qe7 19. c3 Ba8 20. a3 Qb7 21. Nf3 Qc6 22. Bh4 Bd6 23. Qd2 Be7 24. Qf4 Qc8 25. Qe3 Qc5 26. Nd4 Qd5 27. Bf1 Qh5 28. Bg3 Ne4 29. Be2 1/2-1/2

[Event "Montreal op"]
[Site "Montreal"]
[Date "2005.07.23"]
[Round "7"]
[White "Libersan, Thierry"]
[Black "Rivest, Jean Michel"]
[Result "1/2-1/2"]
[WhiteElo "2065"]
[BlackElo "1921"]
[PlyCount "125"]
[EventDate "2005.07.15"]
[EventType "swiss"]
[EventRounds "9"]
[EventCountry "CAN"]
[SourceTitle "EXT 2007"]
[Source "ChessBase"]
[SourceDate "2006.11.23"]
[SourceVersion "1"]
[SourceVersionDate "2006.11.23"]
[SourceQuality "1"]

1. d4 d5 2. Nf3 Nf6 3. c4 c6 4. Nc3 e6 5. e3 Nbd7 6. Qc2 Bd6 7. Bd2 0-0 8. 0-0-0 a6 9. cxd5 cxd5 10. Bd3 b5 11. Kb1 Bb7 12. Ka1 b4 13. Ne2 Rc8 14. Qb3 a5 15. Ng3 Nb6 16. Rc1 Qe7 17. Rxc8 Rxc8 18. Rc1 Rxc1+ 19. Bxc1 Qc7 20. Qc2 Qxc2 21. Bxc2 Ng4 22. Ng5 h6 23. Nh3 Nxh2 24. Nh5 Ba6 25. N5f4 Kf8 26. f3 Bf1 27. Bd3 Ke7 28. b3 g5 29. Bxf1 Nxf1 30. Nd3 Nd7 31. Kb1 f5 32. Kc2 e5 33. dxe5 Nxe5 34. Nxe5 Bxe5 35. Kd3 Ke6 36. f4 Bf6 37. fxg5 hxg5 38. Ng1 Ng3 39. Ne2 Nxe2 40. Kxe2 Bc3 41. e4 f4 42. exd5+ Kxd5 43. Kd3 Be5 44. Bd2 g4 45. Be1 Bd4 46. Bh4 Bb6 47. Be1 f3 48. gxf3 gxf3 49. Bg3 f2 50. Ke2 Ke4 51. Bh4 f1Q+ 52. Kxf1 Kd3 53. Bf6 Kc2 54. Ke2 Kb1 55. Kd3 Kxa2 56. Kc4 Bc7 57. Be7 Ka3 58. Bf8 Bg3 59. Be7 Be1 60. Kb5 Bh4 61. Bxh4 Kxb3 62. Kxa5 Kc4 63. Bf6 1/2-1/2

[Event "IECC TH-M-2292"]
[Site "IECC email"]
[Date "2003.11.12"]
[Round "?"]
[White "Sakic, Radislav"]
[Black "Rivest, Jean Michel"]
[Result "0-1"]
[WhiteElo "2249"]
[BlackElo "2130"]
[PlyCount "118"]
[EventDate "2003.??.??"]
[EventType "tourn (corr)"]
[SourceTitle "Corr 2020"]
[Source "ChessBase"]
[SourceDate "2019.09.30"]
[SourceVersion "1"]
[SourceVersionDate "2019.09.30"]
[SourceQuality "1"]
[WhiteTeam "SCG"]
[BlackTeam "Canada"]
[BlackTeamCountry "CAN"]

1. e4 c5 2. Nf3 Nc6 3. d4 cxd4 4. Nxd4 Nf6 5. Nc3 e5 6. Ndb5 d6 7. Bg5 a6 8. Na3 b5 9. Bxf6 gxf6 10. Nd5 f5 11. exf5 Bxf5 12. Bd3 Be6 13. Be4 Bg7 14. c3 Rb8 15. Nc2 0-0 16. Ndb4 Nxb4 17. Nxb4 Qh4 18. Qf3 Rb6 19. 0-0 a5 20. Nc6 Qf6 21. Nxa5 Qxf3 22. Bxf3 d5 23. a3 Ra8 24. Nb3 Rc8 25. Nd2 d4 26. cxd4 exd4 27. Rfc1 Rxc1+ 28. Rxc1 d3 29. Rb1 f5 30. Kf1 Ba2 31. Ra1 Bf7 32. Rb1 Rb8 33. b3 Bc3 34. Rd1 Rd8 35. g3 Bxd2 36. Rxd2 Bxb3 37. Rb2 Bc2 38. Bh5 Rd6 39. h4 Rh6 40. Bf3 Re6 41. Kg2 Re1 42. Rxb5 d2 43. Rb2 d1Q 44. Bxd1 Bxd1 45. Rb8+ Kf7 46. Rb7+ Re7 47. Rb5 Kf6 48. Rb6+ Ke5 49. Rb5+ Ke4 50. Rb4+ Kd3 51. Rb5 Bg4 52. Rb3+ Kc4 53. Rb4+ Kc3 54. f3 Re2+ 55. Kf1 Bxf3 56. Rf4 Bh5 57. Rxf5 Bg6 58. Rc5+ Kd2 59. Rb5 Bd3 0-1

[Event "IECC M-4578"]
[Site "IECC email"]
[Date "2003.01.14"]
[Round "?"]
[White "Brousek, Jiri"]
[Black "Rivest, Jean Michel"]
[Result "1-0"]
[WhiteElo "2291"]
[BlackElo "2148"]
[PlyCount "55"]
[EventDate "2003.??.??"]
[EventType "tourn (corr)"]
[EventRounds "6"]
[SourceTitle "Telechess CBM 135"]
[Source "ChessBase"]
[SourceDate "2010.03.17"]
[SourceVersion "1"]
[SourceVersionDate "2010.03.17"]
[SourceQuality "1"]

1. d4 Nf6 2. Nf3 g6 3. Nc3 d5 4. Bf4 Bg7 5. e3 0-0 6. Be2 c5 7. Ne5 Nc6 8. 0-0 cxd4 9. exd4 Qb6 10. Nxc6 Qxc6 11. Bb5 Qb6 12. a4 Qa5 13. Be5 a6 14. Bd3 Bg4 15. Qd2 Rac8 16. Rfb1 Rfd8 17. Qf4 Be6 18. b4 Qb6 19. a5 Qa7 20. Na4 Nd7 21. Bxg7 Kxg7 22. Nc5 Nxc5 23. bxc5 Rc6 24. Qe5+ f6 25. Qe3 Rd7 26. Rb6 Rdc7 27. c4 Qa8 28. Rxc6 1-0

[Event "Montreal Lawson Memorial"]
[Site "Montreal"]
[Date "2002.12.22"]
[Round "4"]
[White "Dominique, Vladimir"]
[Black "Rivest, Jean Michel"]
[Result "0-1"]
[WhiteElo "1832"]
[BlackElo "1785"]
[PlyCount "73"]
[EventDate "2002.12.20"]
[EventType "swiss"]
[EventRounds "4"]
[EventCountry "CAN"]
[SourceTitle "EXT 2006"]
[Source "ChessBase"]
[SourceDate "2005.11.24"]
[SourceVersion "1"]
[SourceVersionDate "2005.11.24"]
[SourceQuality "1"]

1. e4 g6 2. d4 Bg7 3. Nc3 d6 4. Be3 a6 5. Qd2 b5 6. a3 Nd7 7. Bd3 e6 8. Nge2 c5 9. b3 Qc7 10. Nxb5 axb5 11. Bxb5 Ngf6 12. f3 0-0 13. g4 cxd4 14. Nxd4 d5 15. g5 Nh5 16. exd5 Ne5 17. Be2 Ba6 18. 0-0 Bxe2 19. Qxe2 exd5 20. f4 Nc6 21. Nb5 Qb7 22. Rad1 Rfd8 23. f5 d4 24. Bc1 Bf8 25. b4 d3 26. Rxd3 Qxb5 27. fxg6 hxg6 28. Rxf7 Rxd3 29. Qe6 Rd1+ 30. Rf1+ Kh7 31. Rxd1 Bg7 32. Rd6 Ne5 33. Rd5 Qe2 34. Rxe5 Qxe5 35. Qc6 Qe1+ 36. Kg2 Qe2+ 37. Kg1 0-1

[Event "IECC CL1-2002.05"]
[Site "IECC email"]
[Date "2002.03.14"]
[Round "?"]
[White "Dyakov, Alexander V"]
[Black "Rivest, Jean Michel"]
[Result "1-0"]
[WhiteElo "2212"]
[BlackElo "2158"]
[PlyCount "61"]
[EventDate "2002.??.??"]
[EventType "tourn (corr)"]
[EventRounds "4"]
[SourceTitle "Corr 2008"]
[Source "ChessBase"]
[SourceDate "2008.06.24"]
[SourceVersion "1"]
[SourceVersionDate "2008.06.24"]
[SourceQuality "1"]

1. e4 g6 2. d4 Bg7 3. Nf3 d6 4. Bc4 Nf6 5. Qe2 0-0 6. h3 c5 7. e5 dxe5 8. dxe5 Nd5 9. 0-0 e6 10. Rd1 Nc6 11. Bb5 Qc7 12. Bxc6 Qxc6 13. c4 Ne7 14. Nc3 Nf5 15. Bf4 b6 16. g4 Nd4 17. Nxd4 cxd4 18. Qe4 Qxe4 19. Nxe4 Rd8 20. g5 d3 21. Nd6 Rxd6 22. exd6 e5 23. Re1 Bxh3 24. Bxe5 d2 25. Re3 Bg4 26. Bxg7 d1Q+ 27. Rxd1 Bxd1 28. Bf6 Bg4 29. b4 Kf8 30. c5 Re8 31. Bg7+ 1-0

[Event "Quebec Montcalm op"]
[Site "Quebec"]
[Date "2002.03.03"]
[Round "4"]
[White "Bourassa, Andre"]
[Black "Rivest, Jean Michel"]
[Result "1-0"]
[WhiteElo "1632"]
[BlackElo "1622"]
[PlyCount "67"]
[EventDate "2002.03.01"]
[EventType "swiss"]
[EventRounds "5"]
[EventCountry "CAN"]
[SourceTitle "EXT 2022"]
[Source "ChessBase"]
[SourceDate "2021.10.06"]
[SourceVersion "1"]
[SourceVersionDate "2021.10.06"]
[SourceQuality "1"]

1. d4 Nf6 2. c4 g6 3. Nc3 d5 4. cxd5 Nxd5 5. e4 Nxc3 6. bxc3 Bg7 7. Bc4 c5 8. Ne2 0-0 9. 0-0 Nc6 10. Be3 Bg4 11. f3 cxd4 12. cxd4 Na5 13. Bxf7+ Rxf7 14. fxg4 Rxf1+ 15. Kxf1 e5 16. d5 Nc4 17. Qd3 b5 18. Bf2 Qg5 19. h3 Rf8 20. Kg1 Rxf2 21. Kxf2 Bf8 22. Rc1 Bc5+ 23. Kg3 Be3 24. Rxc4 bxc4 25. Qxc4 Qf6 26. d6+ Kg7 27. Qd3 Qf2+ 28. Kh2 h5 29. gxh5 g5 30. d7 g4 31. Qd1 gxh3 32. Kxh3 Bg5 33. Ng3 Qf4 34. Qg4 1-0